Microeconomics : (رقم التسجيلة. 26418)
[ عرض عادي ]
| 000 -الفاتح | |
|---|---|
| حقل البيانات ثابتة الطول | 01614cam a22003134a 4500 |
| 001 - رقم الضبط | |
| رقم الضبط | 682903903 |
| 003 - محدد رقم الضبط | |
| رقم الضبط | OCoLC |
| 005 - وقت وتاريخ اخر تعامل مع التسجيلة | |
| رقم الضبط | 20150408114103.0 |
| 008 - عناصر البيانات ثابتة الطول - معلومات عامة | |
| حقل البيانات ثابتة الطول | 101118s2012 mauab 001 0 eng |
| 010 ## - رقم ضبط مكتبة الكونجرس | |
| رقم ضبط مكتبة الكونجرس | 2010048073 |
| 020 ## - الرقم الدولى المعيارى للكتب | |
| الرقم الدولى المعيارى للكتاب | 9780132555517 |
| شروط الاتاحة | (pbk.) |
| 020 ## - الرقم الدولى المعيارى للكتب | |
| الرقم الدولى المعيارى للكتاب | 0132555514 |
| شروط الاتاحة | (pbk.) |
| 024 1# - معرف معيارى اخر | |
| الرقم او الرمز المعيارى | 2900132555516 |
| 035 ## - رقم ضبط النظام | |
| رقم ضبط النظام | (OCoLC)682903903 |
| رقم الضبط الملغى والمتاح | (OCoLC)746475410 |
| 040 ## - مصدر الفهرسة | |
| وكالة الفهرسة الأصلية | DLC |
| لغة الفهرسة | eng |
| وكالة النسخ | DLC |
| وكالة التعديل | YDXCP |
| -- | NLE |
| -- | UKMGB |
| -- | OUB |
| 050 00 - رقم طلب مكتبة الكونجرس | |
| رقم التصنيف | HB172 |
| رقم المادة | .O85 2012 |
| 082 ## - رقم تصنيف ديوى العشرى | |
| رقم الطبعة | 22 |
| رقم التصنيف | 338.5 |
| رقم المادة | OAM |
| 100 1# - المدخل الرئيسى - إسم شخصى | |
| الإسم الشخصى | O'Sullivan, Arthur. |
| 9 (RLIN) | 18277 |
| 245 10 - بيان العنوان | |
| العنوان | Microeconomics : |
| بقية العنوان | principles, applications, and tools / |
| بيان المسئوليه,etc | Arthur O'Sullivan, Steven M. Sheffrin, Stephen J. Perez. |
| 250 ## - بيان الطبعة | |
| بيان الطبعة | 7th ed. |
| 260 ## - PUBLICATION, DISTRIBUTION, ETC. (IMPRINT) | |
| مكان الناشر او الموزع | Boston ;London : |
| اسم الناشر او الموزع | Prentice Hall, |
| تاريخ النشر أو التوزيع | c2012. |
| 300 ## - الوصف المادى | |
| التعداد | xxiv, 456 p. : |
| تفاصيل ماديه اخرى للوعاء | ill., maps ; |
| أبعاد الوعاء | 28 cm. |
| 504 ## - تبصرة ببليوجرافية | |
| تبصرة ببليوجرافية,الخ | Includes bibliographical references and index. |
| 520 ## - التبصرة الخاصة بالتعليق أو التلخيص | |
| ملخص,الخ | Book Description: Questions that drive interest, applications that illustrate concepts, and the tools to test and solidify comprehension. Students come into their first Economics course thinking they will gain a better understanding of the economy around them. Unfortunately, they often leave with many unanswered questions. To ensure students actively internalize economics, O'Sullivan/Sheffrin/Perez use chapter-opening questions to spark interest on important economic concepts, applications that vividly illustrate those concepts, and chapter-ending tools that test and solidify understanding. -- |
| 650 #0 - المدخل الاضافى بالموضوع-مصطلح موضوعى | |
| مصطلح موضوعي أو اسم جغرافي كعنصر مدخل | Microeconomics. |
| 9 (RLIN) | 17968 |
| 700 1# - المدخل الاضافى - اسم شخصى | |
| الإسم الشخصى | Sheffrin, Steven M. |
| 9 (RLIN) | 18278 |
| 700 1# - المدخل الاضافى - اسم شخصى | |
| الإسم الشخصى | Perez, Stephen J. |
| 9 (RLIN) | 18279 |
| 942 ## - عناصر المدخل الإضافي( كوها) | |
| مصدر التصنيف او مخطط الترفيف | Dewey Decimal Classification |
| Koha [default] item type | DVD |
| حالة الفقد | نموذج السعر الفعال | حالة تلف | ليس للاعارة | رقم الطلب | تاريخ الاكتساب | الموقع الحالي | الفرع الرئيسي | Date last seen | نوع المادة فى نظام كوها | مصدر التصنيف او خطة الترفيف | Total Checkouts |
|---|---|---|---|---|---|---|---|---|---|---|---|
| 2013-03-10 | 338.5 OAM | 2012-12-23 | المكتبة المركزية بالمجمعة (CL) | المكتبة المركزية بالمجمعة (CL) | 2013-03-10 | كتاب | Dewey Decimal Classification |
